| 000 | 00826nam a2200181Ia 4500 | ||
|---|---|---|---|
| 008 | 100921s9999 xx 000 0 und d | ||
| 082 |
_b29865 _a020 थ 86 |
||
| 100 | _aबरवे दिनकर सिताराम. | ||
| 245 | _aतालिकीकरण प्रात्याक्षकि. | ||
| 260 |
_bपुणे विद्यार्थीगृह प्रकाशन,पुणे. _c1986 |
||
| 300 |
_a79 _bरसिक साहित्य,पुणे |
||
| 365 | _b20 | ||
| 520 | _aसं.ग्रंथालयशास्त्र. | ||
| 630 | _aतालिकीकरण प्रात्याक्षकि. | ||
| 650 | _aसं.ग्रंथालयशास्त्र. | ||
| 730 | _aतालिकीकरण प्रात्याक्षकि. | ||
| 942 | _cBOOK | ||
| 999 |
_c778978 _d778975 |
||